000
00283nam a2200121Ia 4500
008
231129s9999||||xx |||||||||||||| ||spa||
040
_b
spa
082
_a
(i) 808.068543 D218m
100
_a
Dario Ruben
245
0
_a
Margarita
264
_a
Ekare-Banco del Libro
942
_2
ddc
_c
BKS
999
_c
20644
_d
20644